Making parks work : (Registro nro. 5013)

Detalles MARC
000 -CABECERA
Campo de control 01082cam a22002894a 4500
005 - FECHA Y HORA DE LA ULTIMA TRANSACCION
Campo de control 20200104041555.0
008 - ELEMENTOS DE LONGITUD FIJA—INFORMACION GENERAL
Campo de control 011107s2002 dcu b b 101 0 eng
020 ## - ISBN
ISBN 1559639040 (cloth : alk. paper)
020 ## - ISBN
ISBN 1559639059 (paper : alk. paper)
040 ## - FUENTE DE CATALOGACIÓN
Agencia catalogadora original DLC
Agencia transcriptora DLC
Agencia Modificadora CO-BoIAVH
041 ## - IDIOMA
Código de idioma para texto/pista de sonido o título separado Francés
042 ## - AUTHENTICATION CODE
Authentication code pcc
043 ## - GEOGRAPHIC AREA CODE
Geographic area code w------
082 04 - NUMERO DE CLASIFICACION DECIMAL DEWEY
Número de clasificación 333.78
Número del ítem M23m
245 00 - MENCION DE TITULO
Título Making parks work :
Parte restante del título strategies for preserving tropical nature /
Mención de responsabilidad edited by John Terborgh y (otros tres editores).
260 ## - PUBLICACION, DISTRIBUCION, ETC. (PIE DE IMPRENTA)
Lugar de publicación, distribución, etc. Washington, DC :
Nombre del editor, distribuidor, etc. Island Press,
Fecha de publicación, distribución, etc. c2002.
300 ## - DESCRIPCION FISICA
Extensión xix, 511 p. :
Otros detalles físicos ill., maps ;
Dimensiones 24 cm.
504 ## - NOTA DE BIBLIOGRAFIA, ETC.
Nota de bibliografía Incluye referencias bibliográficas e índice.
650 14 - ASIENTO SECUNDARIO DE MATERIA - TERMINO TEMATICO
Término temático o nombre geográfico como elemento de entrada Áreas de conservación de recursos naturales
9 (RLIN) 48820
650 24 - ASIENTO SECUNDARIO DE MATERIA - TERMINO TEMATICO
Término temático o nombre geográfico como elemento de entrada Áreas protegidas
9 (RLIN) 78
650 24 - ASIENTO SECUNDARIO DE MATERIA - TERMINO TEMATICO
Término temático o nombre geográfico como elemento de entrada Silvicultura
9 (RLIN) 48822
650 24 - ASIENTO SECUNDARIO DE MATERIA - TERMINO TEMATICO
Término temático o nombre geográfico como elemento de entrada Conservación de los recursos naturales
9 (RLIN) 48823
650 24 - ASIENTO SECUNDARIO DE MATERIA - TERMINO TEMATICO
Término temático o nombre geográfico como elemento de entrada Diversidad biológica
9 (RLIN) 48824
700 1# - ASIENTO SECUNDARIO - NOMBRE PERSONAL
Nombre personal Terborgh, John,
Fechas asociadas con el nombre 1936-
Término de relación editor
9 (RLIN) 48825
856 41 - LOCALIZACION Y ACCESO ELECTRONICOS
Especificación de los materiales Tabla de contenido
Identificador Uniforme del Recurso http://www.loc.gov/catdir/toc/fy034/2001006975.html
942 ## - ELEMENTOS ADICIONALES (KOHA)
Sistema de clasificación Dewey Decimal Classification
Tipo de ítem Libro
Existencias
Withdrawn status Lost status Sistema de Clasificación Damaged status No para préstamo Colección Inventariado Ubicación Permanente Ubicación actual Fecha de adquisición Fuente de Valor Total Checkouts Número topográfico Inventario / Código de Barras Date last seen Ejemplar Price effective from Forma de adquisición Tipo de material
    Dewey Decimal Classification     General Inventariado 2017 Bogotá Bogotá 23/12/2005 Amazon   LB-333.78 M23m 022679 04/12/2012 Ej. 1 04/12/2012 Compra Libro